| 000 | 00541nam a2200193 4500 | ||
|---|---|---|---|
| 001 | 85576 | ||
| 003 | BD-RjUL | ||
| 005 | 20250826130219.0 | ||
| 008 | 250826s1965 pk ||||| |||| 00| 0 urd d | ||
| 035 | _a(BD-RjUL) 85576 | ||
| 040 |
_aBD-RjUL _beng _cBD-RjUL |
||
| 041 | _aurd | ||
| 082 |
_223 _a891.43909 _bKHA 1965 |
||
| 245 |
_aادبی جائزے ;;; adbi jaize / _cغللام مصطفے خاں ;;; Ghulam Mustafa Khan |
||
| 260 |
_aKarachi : _bAl-kitab _c1996 |
||
| 300 |
_a640 p.; _c17 cm |
||
| 650 | _aliterature | ||
| 942 |
_2ddc _cBK |
||
| 999 |
_c85576 _d85576 |
||